| 000 | 00479nam a2200181Ia 4500 | ||
|---|---|---|---|
| 008 | 230711s9999||||xx |||||||||||||| ||und|| | ||
| 020 | _a978-1-25-900613-5 | ||
| 041 | _aENG | ||
| 082 |
_a4.16 _bBH-M |
||
| 100 | _aBhurchandi,K M | ||
| 245 | 0 | _aAdvanced microprocessors and peripherals | |
| 250 | _a3rd Ed. | ||
| 260 |
_c2013 _aNew Delhi _bMcGraw Hill Education(India) Private Limited |
||
| 300 | _a692p. | ||
| 650 | _aComputer Engineering | ||
| 700 | _aRay,A K | ||
| 942 | _cBK | ||
| 999 |
_c6398 _d6398 |
||